Detalles MARC
| 000 -CABECERA |
| campo de control de longitud fija |
03073nam a22002777a 4500 |
| 003 - IDENTIFICADOR DEL NÚMERO DE CONTROL |
| campo de control |
DO-SdBJH |
| 005 - FECHA Y HORA DE LA ÚLTIMA TRANSACCIÓN |
| campo de control |
20260630203138.0 |
| 008 - DATOS DE LONGITUD FIJA--INFORMACIÓN GENERAL |
| campo de control de longitud fija |
260630b2025 |||d|||| |||| 00| 0 spa d |
| 040 ## - FUENTE DE LA CATALOGACIÓN |
| Centro catalogador/agencia de origen |
DO-SdBJH |
| Lengua de catalogación |
spa |
| Centro/agencia transcriptor |
DO-SdBJH |
| 041 0# - CÓDIGO DE LENGUA |
| Código de lengua del texto/banda sonora o título independiente |
spa |
| 090 ## - LOCALMENTE ASIGNADO TIPO-LC NÚMERO DE CLASIFICACIÓN (OCLC); NÚMERO DE CLASIFICACIÓN LOCAL (RLIN) |
| Número de clasificación (OCLC) (R) ; Numero de clasificación, CALL (RLIN) (NR) |
CT CM-0008 |
| Número cutter local (OCLC) ; Número de libro/Signatura topográfica íntegra, CALL (RLIN) |
AMBC 2025 |
| 100 1# - ENTRADA PRINCIPAL--NOMBRE DE PERSONA |
| Nombre de persona |
Beltré Rochttis, Daniel E. |
| Término indicativo de función/relación |
sustentante |
| 245 10 - MENCIÓN DE TÍTULO |
| Título |
Propuesta de creación del banco de sangre en beneficio de los miembros del ERD / |
| Mención de responsabilidad, etc. |
Daniel E. Beltré Rochttis, Keinel O. Laureano Sosa ; asesor metodológico Reynaldo Cruz Camacho ; asesor de contenido Andrés Torres Reyes. |
| 260 ## - PUBLICACIÓN, DISTRIBUCIÓN, ETC. |
| Lugar de publicación, distribución, etc. |
Santo Domingo, República Dominicana : |
| Nombre del editor, distribuidor, etc. |
UNADE, |
| Fecha de publicación, distribución, etc. |
2025. |
| 300 ## - DESCRIPCIÓN FÍSICA |
| Extensión |
xvi,62, [04] páginas : |
| Otras características físicas |
gráficas. |
| 502 ## - NOTA DE TESIS |
| Nota de tesis |
Tesis y trabajos de grado (Licenciatura en Ciencias Militares)--Universidad Nacional para la Defensa "General Juan Pablo Duarte y Díez", Academia Militar Batalla de las Carreras, Santo Domingo, 2025. |
| 504 ## - NOTA DE BIBLIOGRAFÍA, ETC. |
| Nota de bibliografía, etc. |
Incluye referencias bibliográficas y anexos. |
| 505 ## - NOTA DE CONTENIDO CON FORMATO |
| Nota de contenido con formato |
Evolución, el maro legal y doctrinal en la creación y uso de bancos de sangre dentro del Ejército Dominicano para beneficio de sus miembros -- Elementos que componen la creación y gestión de un banco de sangre para los miembros del Ejército Dominicano -- Propuesta de creación del banco de sangre del Ejército de República Dominicana (ERD). |
| 520 ## - SUMARIO, ETC. |
| Ampliación de la nota de sumario |
La presente investigación tiene como propósito una propuesta para la creación de un banco de sangre en veneficio de los miembros del Ejercito Dominicano (ERD). Se de la necesidad de contar con un sistema seguro, eficiente y sostenible que garantice la disponibilidad inmediata de sangre y hemoderivados en situaciones de emergencia médica. El estudio aborda, en primer lugar la evolución histórica y el marco legal de los bancos de sangre en contextos militares, tanto en la República Dominicana con el ámbito internacional. Posteriormente, se analiza, la situación actual del ERD en cuanto a la gestión sanitaria y sus limitaciones frente a emergencias. Finalmente, se presenta la propuesta estructurada de un banco de sangre militar, considerando aspectos logísticos, legales y de y de capacitación del personal. La investigación se desarrollo con un enfoque cualitativo, utilizando métodos inductivos y analíticos, apoyados en fuentes documentales primarias y secundarias. Entre los resultados esperados se encuentran: el fortalecimiento de la capacidad operativa del ERD, la reducción de la vulnerabilidad en casos de emergencias y la consolidación de un sistema de salud militar más eficiente y resiliente. |
| 650 #7 - PUNTO DE ACCESO ADICIONAL DE MATERIA--TÉRMINO DE MATERIA |
| Fuente del encabezamiento o término |
lemb |
| Término de materia o nombre geográfico como elemento de entrada |
Bancos de sangre |
| Subdivisión de forma |
Tesis y disertaciones académicas |
| Subdivisión general |
Administración |
| -- |
Legislación |
| Subdivisión cronológica |
Siglo XXI |
| Subdivisión geográfica |
República Dominicana |
| 650 #7 - PUNTO DE ACCESO ADICIONAL DE MATERIA--TÉRMINO DE MATERIA |
| Fuente del encabezamiento o término |
lemb |
| Término de materia o nombre geográfico como elemento de entrada |
Ejército de República Dominicana |
| Subdivisión de forma |
Tesis y disertaciones académicas |
| Subdivisión general |
Servicios médicos militares |
| -- |
Bancos de sangre |
| Subdivisión cronológica |
Siglo XXI |
| Subdivisión geográfica |
República Dominicana |
| 700 1# - PUNTO DE ACCESO ADICIONAL--NOMBRE DE PERSONA |
| Nombre de persona |
Laureano Sosa, Keinel O. |
| Término indicativo de función/relación |
sustentante |
| 700 1# - PUNTO DE ACCESO ADICIONAL--NOMBRE DE PERSONA |
| Nombre de persona |
Cruz Camacho, Reynaldo |
| Término indicativo de función/relación |
asesor metodológico |
| 700 1# - PUNTO DE ACCESO ADICIONAL--NOMBRE DE PERSONA |
| Nombre de persona |
Torres Reyes, Andrés |
| Término indicativo de función/relación |
asesor de contenido |
| 942 ## - ELEMENTOS DE PUNTO DE ACCESO ADICIONAL (KOHA) |
| Fuente del sistema de clasificación o colocación |
Clasificación Local |
| Tipo de ítem Koha |
Tesis |